Gaming Quiz

Random Gaming or Pokémon Quiz

Elemental Plates Quiz Stats

 Plays Quiz not verified by Sporcle

Support Sporcle.
Go Orange.
Score 0/17 Timer 05:00
0 Plays Today
Types Plates % Correct
DragonDraco Plate
100%
FireFlame Plate
100%
FairyPixie Plate
100%
PsychicMind Plate
92.9%
PoisonToxic Plate
92.9%
SteelIron Plate
89.3%
FlyingSky Plate
89.3%
FightingFist Plate
85.7%
GroundEarth Plate
82.1%
Types Plates % Correct
BugInsect Plate
82.1%
GrassMeadow Plate
82.1%
RockStone Plate
82.1%
IceIcicle Plate
78.6%
GhostSpooky Plate
78.6%
ElectricZap Plate
78.6%
WaterSplash Plate
75%
DarkDread Plate
60.7%

You're not logged in!

Compare scores with friends on all Sporcle quizzes.
OR
Log In

From the Vault

Computer Science A-Z

by defgabvn

It's A-Z, or Q-M if you're going in keyboard order.
Remove Ads.
Support Sporcle.
Get the best of Sporcle when you Go Orange. This ad-free experience offers more features, more stats, and more fun while also helping to support Sporcle. Thank you for becoming a member.

Show Comments

Extras

Top Quizzes Today


Score Distribution

Your Account Isn't Verified!

In order to create a playlist on Sporcle, you need to verify the email address you used during registration. Go to your Sporcle Settings to finish the process.

Report this User

Report this user for behavior that violates our Community Guidelines.

Details: